| 000 | 01243cab a2200337 4500 | ||
|---|---|---|---|
| 001 | ABS50022 | ||
| 008 | 090401t1994 xxu||||| |||| 00| 0 eng d | ||
| 035 | _a(Sirsi) u73707 | ||
| 041 | _aeng | ||
| 100 | _aFraser, W. | ||
| 245 | _aConfusion worse confounded | ||
| 260 | _c1994 | ||
| 350 | _a0 | ||
| 490 |
_aEstates Gazette _v(9403) 22 January 1994, 113-115(3) |
||
| 520 | _aArticle by four leading academics arguing that courses for genral practice surveyors need to strengthen their academic base to enable graduates to compete intellectually with other related professions and that there is a need for diversification in courses to meet the needs of a sophisticated market. | ||
| 650 | _aACCREDITED COURSES | ||
| 650 | _aCOURSE CONTENT | ||
| 650 | _aCAREERS, EDUCATION AND TRAINING | ||
| 650 | _aFAST-TRACK COURSES | ||
| 650 | _aGENERAL PRACTICE SURVEYORS | ||
| 650 | _aINVESTMENT SURVEYORS FORUM | ||
| 650 | _aMOOHAN REPORT | ||
| 650 | _aPOSTGRADUATE CONVERSION COURSES | ||
| 650 | _aCAREERS, EDUCATION AND TRAINING | ||
| 690 | _aMANAGEMENT-BUSINESS MANAGEMENT-PROFESSIONAL PRACTICE | ||
| 700 | _aCrosby, N. | ||
| 700 | _aMacGregor, B. | ||
| 700 | _aVenmore-Rowland, P. | ||
| 942 | _n0 | ||
| 948 | _c04/03/1997 | ||
| 999 |
_c46537 _d46537 |
||